Statistics for Top 10 Coldest American Countries

Click here to take the quiz!

General Stats

  • This quiz has been taken 1,134 times
  • The average score is 9 of 10

Answer Stats

° CCountry% Correct
8.55United States
100%
-5.35Canada
99%
8.45Chile
94%
14.80Argentina
92%
21.00Mexico
91%
17.55Uruguay
88%
19.60Peru
88%
21.55Bolivia
86%
21.85Ecuador
81%
22.35Dominica
36%

Score Distribution

Percentile by Number Answered

Percent of People with Each Score

Your Score History

You have not taken this quiz